PHARMACY EXAMINATION REVIEW (Record no. 767137)

MARC details
000 -LEADER
fixed length control field 00418nam a2200181Ia 4500
008 - FIXED-LENGTH DATA ELEMENTS--GENERAL INFORMATION
fixed length control field 230725s1988 xx 000 0 und d
041 ## - LANGUAGE CODE
Language code of text/sound track or separate title eng
082 ## - DEWEY DECIMAL CLASSIFICATION NUMBER
Classification number 615
Item number GAR
100 ## - MAIN ENTRY--PERSONAL NAME
Personal name GARRACIGHY
245 ## - TITLE STATEMENT
Title PHARMACY EXAMINATION REVIEW
260 ## - PUBLICATION, DISTRIBUTION, ETC.
Place of publication, distribution, etc. DELHI
Name of publisher, distributor, etc. C.B.S. PUBLISHERS & DISTRUTORS
Date of publication, distribution, etc. 1988
300 ## - PHYSICAL DESCRIPTION
Extent 278
365 ## - TRADE PRICE
Tax rate 1 15
500 ## - GENERAL NOTE
General note REFERENCE
501 ## - WITH NOTE
With note REF
520 ## - SUMMARY, ETC.
Summary, etc. PB
650 ## - SUBJECT ADDED ENTRY--TOPICAL TERM
Topical term or geographic name entry element REFERENCE

No items available.